000 00753nam a22001937a 4500
999 _c16659
_d16659
003 AR-CdUCM
008 190504b ||||| |||| 00| 0 spa d
040 _aMUNICIPALIDAD PROVINCIAL DEL CUSCO
_cBIBLIOTECA MUNICIPAL DEL CUSCO
082 _a657.73 /
_bB76
_24 ed.
100 _aBurton, Norman Lee.
_936233
245 _aContabilidad de costos /
260 _aMéxico :
_bFondo de cultura económica,
_c1960.
300 _a304 páginas ;
_c23 cm.
505 _aContenido :Naturaleza de la contabilidad de costos -- Significado del costo -- La contabilidad de costo y la contabilidad general -- El estado de manufactura ...
650 _aContabilidad.
_910543
650 _aCiencias aplicadas.
_920077
942 _2ddc
_cLIBROS
945 _arum
_d2019-05-04